| 000 | 00500nam a22001817a 4500 | ||
|---|---|---|---|
| 003 | CEME | ||
| 005 | 20210628201940.0 | ||
| 008 | 210208b xxu||||| |||| 00| 0 eng d | ||
| 020 | _a81-203-2398-X | ||
| 040 | _c. | ||
| 082 | _a621.38152 DAS | ||
| 100 |
_aDasgupta, Nandita ,Dasgupta, Amitava _957547 |
||
| 245 | _aSemiconductor devices ,modelling and technology | ||
| 260 |
_aNEW DELHI _bPRENTICE HALL _c2004 |
||
| 300 | _aXIII,325P | ||
| 650 |
_aSEMICONDUCTOR DEVICES _956062 |
||
| 942 |
_cBK _2ddc |
||
| 999 |
_c567819 _d567819 |
||